| 000 | 00559nam a22001817a 4500 | ||
|---|---|---|---|
| 005 | 20161109124807.0 | ||
| 010 | _aENG-116493 | ||
| 020 |
_a9788123777795 _c140.00 |
||
| 035 | _aEN-100025 | ||
| 037 | _bDBAD/PUB | ||
| 082 | _a567.954 | ||
| 100 | _aSahni,Ashok | ||
| 245 |
_aDinosaurs of India / _cby Ashok Sahani |
||
| 260 |
_aNew Delhi _bNational Book Trust _c2016 |
||
| 270 |
_aNehru Bhawan, 5 Industrial Area Phase-II,vasant Kunj _bNew Delhi _e110070 |
||
| 300 |
_axi,113p. : _c21cm (Hb) _bill (col.) |
||
| 942 |
_2ddc _cEN _h567.954 _mSAH |
||
| 999 |
_c104554 _d104554 |
||